| 000 | 00807nam a2200229 a 4500 | ||
|---|---|---|---|
| 005 | 20240924064012.0 | ||
| 008 | 011116s2000 es r 000 0 spa d | ||
| 020 | _a8427713029 | ||
| 035 | _aUPN01000113935 | ||
| 049 | _aCG | ||
| 050 | 4 |
_aLB1028.25 E5 _bM6.2 |
|
| 245 | 0 | 0 |
_aModelos de investigación cualitativa en educación social y animación sociocultural : _baplicaciones prácticas / _ccoord. Gloria Pérez Serrano. |
| 260 |
_aMadrid : _bNarcea, _c2000. |
||
| 300 | _a319 p. | ||
| 440 | 0 | _aNarcea sociocultural | |
| 590 | _a(También localizas un ejemplar en el "Area de Reserva") | ||
| 590 | _aBibliografía Básica (BGTQ) | ||
| 650 | 4 |
_aEducación _xInvestigación _94070 |
|
| 650 | 4 |
_aInvestigación _xMetodología _95209 |
|
| 700 | 1 |
_aPérez Serrano, Gloria, _ecoord. _929577 |
|
| 905 | _aLibro | ||
| 999 |
_c87843 _d87843 |
||